| Поле | Название | Значение |
| |
Тип записи |
a |
| |
Библиографический уровень |
m |
| 001 |
Контрольный номер |
5031dcce342147ee92b46bdef48d7d56 |
| 005 |
Дата корректировки |
20160616135735.5 |
| 200 |
Заглавие и сведения об ответственности |
1_ |
| a |
Заглавие |
Социология организаций |
| e |
Сведения, относящиеся к заглавию |
лекция |
| b |
Общее обозначение материала |
Текст |
| 210 |
Выходные данные |
1_ |
| a |
Место издания |
М. |
| c |
Издательство |
МУПК |
| d |
Дата издания |
2003 |
| 215 |
Физическое описание |
__ |
| a |
Объем |
20 с. |
| 330 |
Аннотация |
__ |
| a |
Аннотация |
Рассматриваются актуальные проблемы социологии. Предназначена для студентов всех специальностей по дисциплине "Социология" |
| 606 |
Тематические рубрики |
__ |
| a |
Основная рубрика |
Социология |
| 610 |
Ключевые слова |
0_ |
| a |
Ключевые слова |
свойства развития |
| a |
Ключевые слова |
закономерности |
| a |
Ключевые слова |
функционирование |
| a |
Ключевые слова |
структура организаций |
| a |
Ключевые слова |
социоинженерные методы |
| 686 |
Индексы других классификаций |
__ |
| a |
Классификационный индекс |
60.54 |
| 2 |
Код системы |
rubbk |
| 700 |
Автор |
_1 |
| a |
Фамилия |
Бражник |
| b |
Имя |
Г. В. |
| 701 |
Альтернативная интеллектуальная ответственность |
_1 |
| a |
Фамилия |
Демидов |
| b |
Имя |
Н. М. |
| 899 |
Данные о местонахождении |
__ |
| j |
Расстановочный фильтр |
60.5 |
| i |
Авторский знак |
Б 87 |
| 938 |
Служебная информация |
__ |
| a |
Название организации |
Волгоградский филиал |
| b |
Имя БД |
Каталог_ВКИ |
| c |
Название АИБС |
АИБС МАРК-SQL |